[Event "Ïåðâåíñòâî Ìîñêâû ïî øàõìàòàì"]
[Site "Ìîñêâà, ÌÃÈÌÎ ïð. Âåðíàäñêîãî,"]
[Date "2018.11.18"]
[Round "1.1"]
[White "Çâåðåâ, Ëåâ."]
[Black "Êîðîâêî, ßêîâ."]
[Result "1-0"]
[WhiteElo "1723"]
[BlackElo "1125"]
[PlyCount "127"]
[EventDate "2018.11.18"]

1. e4 e6 2. d4 d5 3. Nc3 Bb4 4. a3 Bxc3+ 5. bxc3 dxe4 6. Qg4 Nf6 7. Qxg7 Rg8 8.
Qh6 c5 9. dxc5 Nbd7 10. Bb5 Qa5 11. Qxf6 Qxb5 12. Qd4 Qxc5 13. Qxc5 Nxc5 14.
Be3 b6 15. Ne2 Ba6 16. Ng3 f5 17. O-O-O Na4 18. Rd6 Bc4 19. Bd4 Ke7 20. Be5
Rad8 21. Rhd1 Bd5 22. Rxd8 Rxd8 23. c4 Bxc4 24. Bf6+ Kxf6 25. Rxd8 Nc3 26. Rc8
b5 27. Rc7 f4 28. Nh5+ Kg5 29. Rxh7 e3 30. fxe3 fxe3 31. Ng3 a5 32. Rg7+ Kf4
33. Rf7+ Kg5 34. Rf3 Nd5 35. Ne4+ Kg6 36. Rg3+ Kh5 37. Kd1 Kh6 38. Ke1 b4 39.
a4 Kh7 40. Ng5+ Kh8 41. Nxe6 Bd3 42. Nd4 Be4 43. Rg4 Bh7 44. Ke2 Bg8 45. Rh4+
Kg7 46. Nf5+ Kf6 47. Nxe3 Nc3+ 48. Kd2 Nxa4 49. Rh5 Nc3 50. Rxa5 Ne4+ 51. Kc1
b3 52. Nd5+ Ke5 53. Ne7+ Kd4 54. Nxg8 Kc3 55. cxb3 Nf2 56. h4 Nd3+ 57. Kb1 Kb4
58. Rf5 Nb2 59. h5 Ka3 60. h6 Nd3 61. h7 Ne5 62. h8=Q Kb4 63. Qxe5 Ka3 64. Rf4
1-0

[Event "Ïåðâåíñòâî Ìîñêâû ïî øàõìàòàì"]
[Site "Ìîñêâà, ÌÃÈÌÎ ïð. Âåðíàäñêîãî,"]
[Date "2018.11.18"]
[Round "1.2"]
[White "Ñìèðíîâ, Âñåâîëîä."]
[Black "Óñîâ, Àëåêñàíäð."]
[Result "0-1"]
[WhiteElo "1244"]
[BlackElo "1640"]
[PlyCount "58"]
[EventDate "2018.11.18"]

1. e4 c6 2. d4 d5 3. e5 c5 4. dxc5 Nc6 5. Be3 Nxe5 6. Nc3 e6 7. b4 a5 8. b5 Ne7
9. Nf3 Nxf3+ 10. gxf3 Nf5 11. Bd3 Nxe3 12. fxe3 Qh4+ 13. Ke2 Bxc5 14. Qg1 Qf6
15. Na4 b6 16. c4 dxc4 17. Be4 Ra7 18. Rd1 O-O 19. h4 Qe5 20. h5 f5 21. Bc6 Bb7
22. Rd7 Rf7 23. Nxc5 Bxc6 24. f4 Qxc5 25. Rd8+ Rf8 26. Rxf8+ Kxf8 27. bxc6 Qxc6
28. h6 Rd7 29. Qc1 Qg2+ 0-1

[Event "Ïåðâåíñòâî Ìîñêâû ïî øàõìàòàì"]
[Site "Ìîñêâà, ÌÃÈÌÎ ïð. Âåðíàäñêîãî,"]
[Date "2018.11.18"]
[Round "1.3"]
[White "Àâåðèí, Íèêîëàé."]
[Black "Áà÷àëèàøâèëè, Ýäóàðä."]
[Result "1-0"]
[WhiteElo "1557"]
[BlackElo "1253"]
[PlyCount "215"]
[EventDate "2018.11.18"]

1. e4 e6 2. d4 b6 3. Bd3 Ne7 4. Nf3 g6 5. O-O Bg7 6. c3 O-O 7. h3 Bb7 8. Qe2 h6
9. Bf4 d6 10. Nbd2 Qd7 11. Rad1 a5 12. b3 Ba6 13. a4 Re8 14. Bb5 Qc8 15. Qe3
Bxb5 16. axb5 g5 17. Bh2 Ng6 18. Rfe1 Nd7 19. Nc4 Bf8 20. Qd3 Nf6 21. e5 Nd5
22. exd6 Ngf4 23. Bxf4 Nxf4 24. Qe4 Bxd6 25. Qc6 Rd8 26. Nce5 Bxe5 27. dxe5 Nd5
28. c4 Ne7 29. Qe4 Kh8 30. Kh2 Rg8 31. Rd3 Ng6 32. Red1 Qf8 33. Rd7 Rc8 34. g3
Qc5 35. Qd4 Qf8 36. Rd3 Ne7 37. Qe4 c6 38. bxc6 Nxc6 39. R3d6 Qe8 40. Rb7 Rb8
41. Rxb8 Nxb8 42. Rxb6 Qe7 43. Rb7 Qc5 44. Kg2 Qf8 45. Nd4 Qe8 46. Nb5 Qc6 47.
Qxc6 Nxc6 48. Rxf7 Nxe5 49. Rf6 Re8 50. Nc7 Rb8 51. Rxh6+ Kg7 52. Rxe6 Nd3 53.
Ra6 Rxb3 54. Rxa5 Rb2 55. Rf5 Kg6 56. Rf8 Rc2 57. Nd5 Rxc4 58. Ne3 Rc7 59. Rf6+
Kg7 60. Rf5 Kg6 61. Rd5 Nb2 62. Rd6+ Kf7 63. Rb6 Nd3 64. Rb3 Ne1+ 65. Kf1 Nf3
66. Rd3 Ne5 67. Rd5 Ke6 68. Rd1 Ra7 69. Kg2 Ra2 70. Nd5 Ra7 71. Nc3 Ra3 72. Ne4
Kf5 73. Nd6+ Ke6 74. Nb5 Ra2 75. Nd4+ Ke7 76. Nf3 Nc4 77. Rd3 Kf6 78. Rc3 Ne5
79. Nxe5 Kxe5 80. Rc5+ Kf6 81. g4 Ra6 82. Kg3 Ra4 83. Rc6+ Kg7 84. f3 Ra1 85.
h4 gxh4+ 86. Kxh4 Rf1 87. Kg3 Rg1+ 88. Kf4 Kf7 89. Kg5 Rf1 90. f4 Rf2 91. f5
Ra2 92. Rf6+ Kg7 93. Rd6 Rg2 94. Rd7+ Kf8 95. f6 Ke8 96. f7+ Kf8 97. Kf6 Rf2+
98. Kg6 Rf4 99. Rd8+ Ke7 100. Re8+ Kd7 101. f8=Q Rxg4+ 102. Kh5 Rg1 103. Re7+
Kc6 104. Qc8+ Kd5 105. Qd8+ Kc6 106. Rc7+ Kb6 107. Qb8+ Ka5 108. Ra7# 1-0

[Event "Ïåðâåíñòâî Ìîñêâû ïî øàõìàòàì"]
[Site "Ìîñêâà, ÌÃÈÌÎ ïð. Âåðíàäñêîãî,"]
[Date "2018.11.18"]
[Round "1.4"]
[White "Õëûïîâêà, Ñòåïàí."]
[Black "Àõìåäîâ, Äàâèä."]
[Result "0-1"]
[WhiteElo "1220"]
[BlackElo "1561"]
[PlyCount "44"]
[EventDate "2018.11.18"]

1. b4 d5 2. Bb2 Nf6 3. Nf3 e6 4. b5 Bd6 5. e3 a6 6. a4 axb5 7. axb5 Rxa1 8.
Bxa1 Nbd7 9. Be2 O-O 10. O-O e5 11. d3 c6 12. bxc6 bxc6 13. Nbd2 Qc7 14. h3 Re8
15. c4 Nf8 16. Qc2 Qe7 17. Rb1 Ng6 18. Nb3 Bb7 19. Na5 Ba8 20. d4 e4 21. Nh2
Bxh2+ 22. Kxh2 Qc7+ 0-1

[Event "Ïåðâåíñòâî Ìîñêâû ïî øàõìàòàì"]
[Site "Ìîñêâà, ÌÃÈÌÎ ïð. Âåðíàäñêîãî,"]
[Date "2018.11.18"]
[Round "1.7"]
[White "Èâàííèêîâ, Ìàêñèì."]
[Black "Ôåäîñîâ, Àëåêñàíäð."]
[Result "1-0"]
[WhiteElo "1291"]
[BlackElo "1140"]
[PlyCount "87"]
[EventDate "2018.11.18"]

1. e4 c5 2. d4 cxd4 3. c3 dxc3 4. Nxc3 Nc6 5. Bc4 d6 6. Nf3 Nf6 7. e5 dxe5 8.
Qxd8+ Kxd8 9. Ng5 Kc7 10. Nxf7 Rg8 11. Nxe5 Nxe5 12. Bxg8 Nd3+ 13. Kd2 Nxf2 14.
Rf1 Nxg8 15. Rxf2 Nf6 16. Kc2 e5 17. Bg5 Bc5 18. Rd2 Bf5+ 19. Kb3 Be6+ 20. Ka4
Bd7+ 21. Kb3 Be6+ 22. Kc2 Rf8 23. Rf1 Nd7 24. Rxf8 Bxf8 25. Nb5+ Kb6 26. a4 Bb4
27. Bd8+ Kc6 28. Nxa7+ Kc5 29. Be7+ Kb6 30. Bxb4 Kxa7 31. Rd6 Bg4 32. Kd2 Nf6
33. Kc3 Bd7 34. Bc5+ Kb8 35. a5 Kc7 36. Rd2 Kc6 37. b4 g6 38. Rd6+ Kb5 39. Rxf6
Bc6 40. Re6 Bxg2 41. Rxe5 Kc6 42. a6 bxa6 43. Re6+ Kb7 44. Rb6+ 1-0

[Event "Ïåðâåíñòâî Ìîñêâû ïî øàõìàòàì"]
[Site "Ìîñêâà, ÌÃÈÌÎ ïð. Âåðíàäñêîãî,"]
[Date "2018.11.18"]
[Round "1.8"]
[White "Ìàêàðåíêî, Êèðèëë."]
[Black "Ïàðïèåâ, Èñààê."]
[Result "1/2-1/2"]
[WhiteElo "1060"]
[BlackElo "1314"]
[PlyCount "86"]
[EventDate "2018.11.18"]

1. d4 Nf6 2. Nf3 g6 3. g3 Bg7 4. Bg2 O-O 5. O-O d5 6. c4 c6 7. Nc3 Bf5 8. Qb3
Qd7 9. Ne5 dxc4 10. Nxd7 cxb3 11. Nxf8 Kxf8 12. axb3 Be6 13. b4 Nd5 14. Nxd5
Bxd5 15. Bxd5 cxd5 16. Be3 Nc6 17. b5 Nxd4 18. Bxd4 Bxd4 19. Rad1 Bxb2 20. Rxd5
Ke8 21. Rb1 Ba3 22. b6 a6 23. Rb3 e6 24. Ra5 Be7 25. Kg2 Kd7 26. Ra2 Rc8 27.
Rd2+ Ke8 28. Kf3 Rc6 29. h4 Bd6 30. Rbd3 Be7 31. Rb3 a5 32. Rb5 Bb4 33. Rd4 Ke7
34. g4 h6 35. Kg3 Rc2 36. Kf3 Rc6 37. Ke4 Rc2 38. Kf3 Rc1 39. g5 h5 40. Kf4 Rb1
41. Ke4 Rc1 42. f4 Bc5 43. Ra4 Bb4 1/2-1/2

[Event "Ïåðâåíñòâî Ìîñêâû ïî øàõìàòàì"]
[Site "Ìîñêâà, ÌÃÈÌÎ ïð. Âåðíàäñêîãî,"]
[Date "2018.11.18"]
[Round "1.9"]
[White "Íåâñêèé, Ìèõàèë."]
[Black "Ìåëüíèêîâ, Âëàäèìèð."]
[Result "1-0"]
[WhiteElo "1528"]
[BlackElo "1097"]
[PlyCount "83"]
[EventDate "2018.11.18"]

1. e4 e5 2. Nf3 Nc6 3. Bc4 Bc5 4. b4 Bxb4 5. c3 Ba5 6. d4 exd4 7. O-O Nf6 8. e5
Ne4 9. Re1 Nxc3 10. Nxc3 Bxc3 11. Bg5 Ne7 12. Nxd4 Bxe1 13. Nf5 Bb4 14. Nxg7+
Kf8 15. Qh5 d5 16. exd6 Ng6 17. Bxd8 Kxg7 18. Qg5 Bc3 19. Rc1 h6 20. Qe3 Be5
21. dxc7 Bf4 22. Qc3+ Be5 23. Qf3 Rf8 24. g3 Bb2 25. Rb1 Be5 26. Bd5 Be6 27.
Bxe6 fxe6 28. Qxb7 Bxc7 29. Qxa8 Bxd8 30. Qxa7+ Rf7 31. Rb7 Be7 32. a4 Kg8 33.
a5 Bc5 34. Qxc5 Rxb7 35. Qc8+ Nf8 36. Qxb7 e5 37. a6 e4 38. a7 e3 39. fxe3 h5
40. a8=Q h4 41. Qe7 h3 42. Qaxf8# 1-0

[Event "Ïåðâåíñòâî Ìîñêâû ïî øàõìàòàì"]
[Site "Ìîñêâà, ÌÃÈÌÎ ïð. Âåðíàäñêîãî,"]
[Date "2018.11.18"]
[Round "1.10"]
[White "Êîâàëåð, Ôèëèïï."]
[Black "Ôèëèïïîâ, Àíäðåé."]
[Result "0-1"]
[WhiteElo "1182"]
[BlackElo "1415"]
[PlyCount "60"]
[EventDate "2018.11.18"]

1. d4 d5 2. Bf4 Nf6 3. e3 e6 4. h3 Bd6 5. Nf3 Bxf4 6. exf4 O-O 7. Bd3 Nc6 8. c3
Na5 9. Nbd2 Qd6 10. Ne5 Nd7 11. O-O f6 12. Nxd7 Bxd7 13. g3 e5 14. fxe5 fxe5
15. dxe5 Qxe5 16. Kg2 Bc6 17. Kh2 d4 18. Nc4 Qd5 19. f3 Nxc4 20. Be4 Qf7 21.
Qxd4 Rfd8 22. Qg1 Rd2+ 23. Kh1 Qh5 24. h4 Bxe4 25. fxe4 Qg4 26. Rf2 Rad8 27.
Qf1 Rxf2 28. Qxf2 Rd2 29. Qf1 Ne3 30. Qe1 Qh3+ 0-1

[Event "Ïåðâåíñòâî Ìîñêâû ïî øàõìàòàì"]
[Site "Ìîñêâà, ÌÃÈÌÎ ïð. Âåðíàäñêîãî,"]
[Date "2018.11.18"]
[Round "1.11"]
[White "Àâåðêèåâ, Àíäðåé."]
[Black "Äèàíèí, Ãåîðãèé."]
[Result "1/2-1/2"]
[WhiteElo "1440"]
[BlackElo "1060"]
[PlyCount "95"]
[EventDate "2018.11.18"]

1. d4 Nf6 2. c4 e6 3. Nc3 Bb4 4. Qc2 d5 5. Bg5 h6 6. Bh4 c6 7. e3 Nbd7 8. Nf3
O-O 9. Bd3 dxc4 10. Bxc4 b5 11. Bd3 Bb7 12. O-O Bxc3 13. bxc3 a6 14. e4 Qc8 15.
Qd2 c5 16. e5 Nd5 17. Bb1 Re8 18. Qd3 Nf8 19. Bg3 cxd4 20. cxd4 Qc3 21. Qxc3
Nxc3 22. Bd3 Bd5 23. a3 Rec8 24. Rac1 Na2 25. Rxc8 Rxc8 26. a4 bxa4 27. Bxa6
Rc3 28. Ra1 a3 29. Bf4 Bxf3 30. Rxa2 Bd5 31. Bd2 Rb3 32. Bf1 Rb2 33. Rxb2 axb2
34. Bd3 Ba2 35. Bc3 b1=Q+ 36. Bxb1 Bxb1 37. Kf1 Be4 38. f3 Bd5 39. Ke2 Ng6 40.
g3 h5 41. h4 f6 42. Ke3 fxe5 43. dxe5 Kf7 44. f4 Ke7 45. Bb4+ Kd7 46. Kd4 Kc6
47. Bd6 Kb5 48. Bc5 1/2-1/2

[Event "Ïåðâåíñòâî Ìîñêâû ïî øàõìàòàì"]
[Site "Ìîñêâà, ÌÃÈÌÎ ïð. Âåðíàäñêîãî,"]
[Date "2018.11.18"]
[Round "1.12"]
[White "Ëåáåäåâ, Àíäðåé."]
[Black "Óñêîâ, Àðò¸ì."]
[Result "0-1"]
[WhiteElo "1264"]
[BlackElo "1366"]
[PlyCount "68"]
[EventDate "2018.11.18"]

1. e4 c5 2. Nf3 d6 3. Bb5+ Bd7 4. Bxd7+ Qxd7 5. Nc3 e6 6. d3 Nc6 7. Be3 Be7 8.
Qd2 a6 9. O-O Nf6 10. Bg5 O-O 11. Rfe1 Qc7 12. Rad1 Rad8 13. Bf4 Ne8 14. Bg3 b5
15. e5 d5 16. a3 Qd7 17. d4 Nc7 18. dxc5 Bxc5 19. Ne4 Be7 20. Qf4 Ne8 21. Bh4
Bxh4 22. Qxh4 Qe7 23. Qxe7 Nxe7 24. Nc5 Nc7 25. Nb7 Rb8 26. Nc5 Rbc8 27. c3 Ra8
28. Nd4 Rfc8 29. Kf1 Ne8 30. b4 Ra7 31. Rd3 Nc6 32. g3 Nb8 33. Ncb3 Nd7 34. Ke2
Nxe5 {çàïèñü íå ÿñíà} 0-1

[Event "Ïåðâåíñòâî Ìîñêâû ïî øàõìàòàì"]
[Site "Ìîñêâà, ÌÃÈÌÎ ïð. Âåðíàäñêîãî,"]
[Date "2018.11.18"]
[Round "1.13"]
[White "Ìàñëîâñêèé, Âëàäèìèð."]
[Black "Ðîæêîâ, Ìàêñèì."]
[Result "1-0"]
[WhiteElo "1231"]
[BlackElo "1154"]
[PlyCount "101"]
[EventDate "2018.11.18"]

1. e4 e6 2. c4 c5 3. Nf3 Nc6 4. Be2 Bd6 5. d3 Nf6 6. Nc3 a6 7. Be3 b6 8. h3 Bb7
9. O-O Qc7 10. Na4 h6 11. Qb3 b5 12. cxb5 Na5 13. Qc2 c4 14. b6 cxd3 15. bxc7
dxc2 16. Nb6 Bxc7 17. Nxa8 Bxa8 18. Bd3 Bxe4 19. Bxe4 Nxe4 20. Rac1 d5 21. Rxc2
Kd7 22. Rfc1 Rc8 23. Ne5+ Bxe5 24. Rxc8 Nc4 25. R1xc4 dxc4 26. Rxc4 Nd6 27. Rc2
Nf5 28. Kf1 Bg3 29. Rd2+ Ke8 30. fxg3 Nxe3+ 31. Kf2 Nc4 32. Rc2 Ne5 33. Ke2 Kd7
34. Ke3 Kd6 35. b4 Nc6 36. a3 g5 37. h4 g4 38. Kf4 Ne5 39. Rd2+ Ke7 40. Kxe5
f6+ 41. Kf4 h5 42. a4 f5 43. Kg5 Kf7 44. b5 axb5 45. axb5 e5 46. Kxf5 e4 47.
Rd7+ Ke8 48. Rh7 e3 49. b6 Kf8 50. b7 Kg8 51. Kg6 1-0

[Event "Ïåðâåíñòâî Ìîñêâû ïî øàõìàòàì"]
[Site "Ìîñêâà, ÌÃÈÌÎ ïð. Âåðíàäñêîãî,"]
[Date "2018.11.18"]
[Round "1.14"]
[White "Ñàóëèí, Ãðèãîðèé."]
[Black "Ìàéìèí, Ëåîíèä."]
[Result "0-1"]
[WhiteElo "1056"]
[BlackElo "1379"]
[PlyCount "60"]
[EventDate "2018.11.18"]

1. e4 c5 2. Nf3 e6 3. d4 cxd4 4. Nxd4 a6 5. Nc3 Qc7 6. Be3 Bb4 7. Qd2 Nf6 8. f3
d5 9. Bd3 e5 10. Nb3 d4 11. Bxd4 exd4 12. Nxd4 O-O 13. a3 Ba5 14. b4 Bb6 15.
Nce2 Rd8 16. c3 Nc6 17. Qb2 Nxd4 18. cxd4 Qd7 19. d5 Qe7 20. Nf4 Bc7 21. g3 Be5
22. Qb1 Bxa1 23. Qxa1 Nxd5 24. Kf1 Nxf4 25. gxf4 Rxd3 26. Rg1 g6 27. Qb1 Rxa3
28. Rh1 Qh4 29. Kg1 Rxf3 30. Qb2 Bh3 0-1

[Event "Ïåðâåíñòâî Ìîñêâû ïî øàõìàòàì"]
[Site "Ìîñêâà, ÌÃÈÌÎ ïð. Âåðíàäñêîãî,"]
[Date "2018.11.18"]
[Round "1.15"]
[White "Æåðäåâ, Ðàäîìèð."]
[Black "Ìèíüêî, Àëåêñàíäð."]
[Result "1-0"]
[WhiteElo "1293"]
[BlackElo "1213"]
[PlyCount "61"]
[EventDate "2018.11.18"]

1. e4 c5 2. Nf3 Nc6 3. c3 e5 4. d4 exd4 5. cxd4 cxd4 6. Nxd4 Nf6 7. Nxc6 dxc6
8. Qxd8+ Kxd8 9. Bg5 Be7 10. Nc3 h6 11. O-O-O+ Kc7 12. Bf4+ Kb6 13. Na4+ Ka5
14. Rd4 b5 15. Nc3 Bc5 16. b4+ Kb6 17. bxc5+ Kxc5 18. Be3 Ng4 19. Rd3+ Nxe3 20.
Rxe3 Be6 21. Kc2 Rhd8 22. Be2 Rd4 23. Rd1 Rxd1 24. Kxd1 Rd8+ 25. Kc2 f5 26. f4
Rd4 27. g4 fxg4 28. f5 Bc4 29. Bxc4 b4 30. Ne2 Rd8 31. e5 1-0

[Event "Ïåðâåíñòâî Ìîñêâû ïî øàõìàòàì"]
[Site "Ìîñêâà, ÌÃÈÌÎ ïð. Âåðíàäñêîãî,"]
[Date "2018.11.18"]
[Round "1.17"]
[White "Ìàðêîçèÿ, Ãåîðãèé."]
[Black "Ìîðîçîâ, Íèêîëàé."]
[Result "0-1"]
[WhiteElo "1100"]
[BlackElo "1128"]
[PlyCount "102"]
[EventDate "2018.11.18"]

1. e4 c5 2. d4 cxd4 3. c3 dxc3 4. Nxc3 e6 5. Nf3 a6 6. Bc4 Ne7 7. Bf4 Ng6 8.
Bg3 Nc6 9. a3 Be7 10. O-O O-O 11. Rc1 b5 12. Ba2 Bb7 13. Qe2 Rc8 14. Rfd1 b4
15. axb4 Nxb4 16. Bb1 Bc6 17. Bd6 Bxd6 18. Rxd6 Qe7 19. Rcd1 Rc7 20. Ne1 Rb8
21. Nc2 Nxc2 22. Qxc2 Rb6 23. Qd2 Rbb7 24. f3 Rb8 25. Na2 Rcb7 26. b4 a5 27.
Bc2 axb4 28. Bb3 Rb6 29. Qd4 R6b7 30. Qc5 Rb6 31. R1d4 Nf4 32. Kf2 Qh4+ 33. Kf1
Qxh2 34. Rd2 Bb5+ 35. Bc4 Bxc4+ 36. Qxc4 Rxd6 37. Qc7 Rdb6 38. Rc2 h6 39. Nc1
Qh1+ 40. Kf2 Qh2 41. Kf1 Qh1+ 42. Kf2 Qh4+ 43. Kf1 Qg3 44. Rf2 Ne2 45. Qc2 Nxc1
46. Qxc1 Rc6 47. Qb2 Rbc8 48. Kg1 Qf4 49. Rf1 Rc4 50. Rc1 Qxc1+ 51. Qxc1 Rxc1+
0-1

[Event "Ïåðâåíñòâî Ìîñêâû ïî øàõìàòàì"]
[Site "Ìîñêâà, ÌÃÈÌÎ ïð. Âåðíàäñêîãî,"]
[Date "2018.11.18"]
[Round "1.18"]
[White "Ðóñàêîâ, Ìàêàð."]
[Black "Àðòåëüíûõ, Ëåîíèä."]
[Result "1-0"]
[WhiteElo "1156"]
[BlackElo "1354"]
[PlyCount "91"]
[EventDate "2018.11.18"]

1. d4 c6 2. c4 d5 3. Nc3 Nf6 4. cxd5 cxd5 5. Bg5 e6 6. e3 h6 7. Bf4 a6 8. a4
Bb4 9. a5 Ne4 10. Bxb8 Rxb8 11. Qa4+ Bd7 12. Qxb4 Nxc3 13. bxc3 Qc7 14. Rc1 b6
15. Rb1 b5 16. Rc1 f5 17. Be2 Kf7 18. Nf3 Rhf8 19. Ne5+ Kg8 20. Ng6 Rf6 21. Ne5
Be8 22. f4 Qd8 23. g3 g5 24. Bf3 g4 25. Bg2 h5 26. h4 Rc8 27. Nd3 Rc4 28. Qb3
Qxa5 29. Nc5 b4 30. O-O Bb5 31. Ra1 Qb6 32. cxb4 Rf8 33. Rfc1 Rc8 34. Bf1 Rxc1
35. Rxc1 Bxf1 36. Rxf1 Kf7 37. Ra1 Qb5 38. Qa4 Qe2 39. Qd7+ Kf6 40. Qxe6+ Kg7
41. Qd7+ Kf6 42. Rxa6+ Qxa6 43. Nxa6 Rc1+ 44. Kf2 Rc2+ 45. Ke1 Rc1+ 46. Kd2 1-0

[Event "Ïåðâåíñòâî Ìîñêâû ïî øàõìàòàì"]
[Site "Ìîñêâà, ÌÃÈÌÎ ïð. Âåðíàäñêîãî,"]
[Date "2018.11.18"]
[Round "1.19"]
[White "Ãåðàñèìîâ, Ìàòâåé."]
[Black "Òèòêîâ, Ñâÿòîñëàâ."]
[Result "1-0"]
[WhiteElo "1225"]
[BlackElo "1106"]
[PlyCount "111"]
[EventDate "2018.11.18"]

1. e4 e5 2. Nf3 Nc6 3. Bc4 Bc5 4. c3 Nf6 5. d3 d6 6. h3 h6 7. Nbd2 a6 8. O-O
O-O 9. Re1 Re8 10. b4 Bb6 11. Nf1 Bd7 12. Ng3 Ne7 13. Qb3 Rf8 14. Nh4 Rc8 15.
Be3 Kh7 16. Bxf7 Ba4 17. Qxa4 Rxf7 18. Qb3 Rf8 19. Nhf5 Ng6 20. a4 Bxe3 21.
Nxe3 Nd7 22. Nef5 Qf6 23. Rf1 Nf4 24. Qc2 Qf7 25. Ne2 Ne6 26. Qd2 Ra8 27. f4 g6
28. Nxh6 Kxh6 29. fxe5+ Nf4 30. Nxf4 g5 31. Nd5 Qg7 32. exd6 cxd6 33. Ne3 Rac8
34. Rxf8 Qxf8 35. Nf5+ Kg6 36. h4 Qf6 37. hxg5 Qxc3 38. Qxc3 Rxc3 39. Nxd6 Rxd3
40. Nxb7 Rd4 41. Nc5 Nb8 42. Rb1 Rc4 43. e5 Kxg5 44. e6 Kf6 45. Rf1+ Ke7 46.
Rb1 Kf6 47. Kh2 Ke7 48. g3 Rd4 49. Kh3 Rd8 50. g4 Rc8 51. g5 Rh8+ 52. Kg4 Rg8
53. Rh1 Rc8 54. Rh7+ Kd6 55. Kf5 Nc6 56. Rd7# 1-0

[Event "Ïåðâåíñòâî Ìîñêâû ïî øàõìàòàì"]
[Site "Ìîñêâà, ÌÃÈÌÎ ïð. Âåðíàäñêîãî,"]
[Date "2018.11.18"]
[Round "1.21"]
[White "Ïåðåâåðçåâ, Òèìîôåé."]
[Black "Ñåìèí, Äàíèëà."]
[Result "1-0"]
[WhiteElo "1338"]
[BlackElo "1006"]
[PlyCount "37"]
[EventDate "2018.11.18"]

1. d4 d5 2. c4 e5 3. Nf3 Nc6 4. e3 Bg4 5. cxd5 Qxd5 6. Nc3 Qe6 7. d5 Qg6 8.
dxc6 Qxc6 9. Bb5 Qxb5 10. Nxb5 Rc8 11. Qa4 c6 12. Qxg4 Rd8 13. Nc7+ Ke7 14.
Nxe5 Nf6 15. Qb4+ c5 16. Qxc5+ Rd6 17. Nb5 Ke8 18. Nxd6+ Bxd6 19. Qxd6 1-0

[Event "Ïåðâåíñòâî Ìîñêâû ïî øàõìàòàì"]
[Site "Ìîñêâà, ÌÃÈÌÎ ïð. Âåðíàäñêîãî,"]
[Date "2018.11.18"]
[Round "1.26"]
[White "×åêàíîâ, Òèìóð."]
[Black "Ìîòðóê, Äåíèñ."]
[Result "1/2-1/2"]
[WhiteElo "1204"]
[BlackElo "1309"]
[PlyCount "104"]
[EventDate "2018.11.18"]

1. c4 e5 2. Nc3 f5 3. g3 Nf6 4. Bg2 Nc6 5. d3 Bc5 6. Nf3 O-O 7. e3 d6 8. O-O
Bb4 9. d4 Bxc3 10. bxc3 Bd7 11. Nd2 Qc8 12. Nb3 h6 13. c5 e4 14. Bb2 d5 15. Nd2
Ne7 16. c4 c6 17. cxd5 cxd5 18. Ba3 Nc6 19. Nb3 g5 20. Kh1 Kh7 21. Bh3 g4 22.
Bg2 h5 23. h4 gxh3 24. Bxh3 Rg8 25. Kg2 f4 26. Bxd7 f3+ 27. Kh2 Qxd7 28. Rh1
Rg5 29. Kg1 Rag8 30. Kf1 Ng4 31. Qd2 Nf6 32. Ke1 Qg4 33. Kd1 Ne7 34. Rh4 Qe6
35. Kc2 Nf5 36. Rhh1 Nxg3 37. fxg3 Rxg3 38. Qa5 Rg2+ 39. Nd2 f2 40. Qc7+ R8g7
41. Qf4 Qc6 42. Kd1 Rg1+ 43. Kc2 Qa4+ 44. Kb2 Qb5+ 45. Nb3 Qe2+ 46. Kc3 Qc4+
47. Kb2 Qe2+ 48. Kc3 Qd3+ 49. Kb2 Qe2+ 50. Kc3 Qc4+ 51. Kb2 Qe2+ 52. Kc3 Qd3+
1/2-1/2

[Event "Ïåðâåíñòâî Ìîñêâû ïî øàõìàòàì"]
[Site "Ìîñêâà, ÌÃÈÌÎ ïð. Âåðíàäñêîãî,"]
[Date "2018.11.19"]
[Round "2.1"]
[White "Maimin, Leonid"]
[Black "Zverev, Lev"]
[Result "0-1"]
[WhiteElo "1379"]
[BlackElo "1723"]
[PlyCount "106"]
[EventDate "2018.11.18"]

1. e4 e5 2. Nf3 Nc6 3. Bb5 a6 4. Ba4 Nf6 5. O-O Be7 6. d3 b5 7. Bb3 d6 8. Nc3
Na5 9. Bd2 Nxb3 10. axb3 Bd7 11. Ne2 O-O 12. Ng3 Re8 13. Re1 Bf8 14. h3 g6 15.
Qc1 Bg7 16. Nh2 Qe7 17. Nhf1 Qf8 18. f4 h5 19. Ne2 Nh7 20. Bc3 Bh6 21. Bd2 h4
22. fxe5 Bxd2 23. Nxd2 dxe5 24. Nc3 c6 25. Nf3 Qe7 26. Qe3 Reb8 27. Ra5 g5 28.
Rea1 Bc8 29. Na2 f6 30. Qd2 c5 31. Nc3 Bb7 32. Nd1 Rd8 33. Qf2 c4 34. bxc4 bxc4
35. dxc4 Bxe4 36. Nc3 Bb7 37. Nd5 Bxd5 38. cxd5 Qb7 39. c4 Rac8 40. Qc2 Nf8 41.
Qe4 Rd6 42. Kh2 Kg7 43. Nxg5 fxg5 44. Qxe5+ Rf6 45. Qxg5+ Ng6 46. R1a4 Qb8+ 47.
Kg1 Qa7+ 48. Kh2 Rf1 49. c5 Rxc5 50. Rxa6 Qb8+ 51. d6 Rxg5 52. Ra7+ Kh6 53. Ra2
Qxd6+ 0-1

[Event "Ïåðâåíñòâî Ìîñêâû ïî øàõìàòàì"]
[Site "Ìîñêâà, ÌÃÈÌÎ ïð. Âåðíàäñêîãî,"]
[Date "2018.11.19"]
[Round "2.2"]
[White "Usov, Alexandr"]
[Black "Zherdev, Radomir"]
[Result "0-1"]
[WhiteElo "1640"]
[BlackElo "1293"]
[PlyCount "80"]
[EventDate "2018.11.18"]

1. d4 Nf6 2. c4 g6 3. g3 Bg7 4. Bg2 d6 5. Nc3 O-O 6. Nf3 Nbd7 7. O-O e5 8. d5
a5 9. e4 Nc5 10. Qc2 Nfd7 11. Bd2 h6 12. b3 f5 13. Nh4 Rf6 14. a3 Nf8 15. b4
axb4 16. axb4 Rxa1 17. Rxa1 Na6 18. b5 Nc5 19. Ra8 f4 20. Bh3 Nfd7 21. gxf4
exf4 22. e5 dxe5 23. Nxg6 Kf7 24. Nxe5+ Nxe5 25. Rxc8 Qe7 26. d6 Qxd6 27. Nd5
Rg6+ 28. Kf1 Nf3 29. Bxf4 Rg1+ 30. Ke2 Nd4+ 31. Kd2 Ncb3+ 32. Kc3 Nxc2+ 33.
Kxc2 Nd4+ 34. Kd2 Nb3+ 35. Ke2 Nd4+ 36. Kd2 Qa3 37. Rxc7+ Kg6 38. Rxg7+ Kxg7
39. Be5+ Kf8 40. Nc3 Nf3+ 0-1

[Event "Ïåðâåíñòâî Ìîñêâû ïî øàõìàòàì"]
[Site "Ìîñêâà, ÌÃÈÌÎ ïð. Âåðíàäñêîãî,"]
[Date "2018.11.19"]
[Round "2.3"]
[White "Gerasimov, Matvey"]
[Black "Averin, Nikolai"]
[Result "0-1"]
[WhiteElo "1225"]
[BlackElo "1557"]
[PlyCount "122"]
[EventDate "2018.11.18"]

1. e4 Nf6 2. Nc3 d5 3. exd5 Nxd5 4. Nxd5 Qxd5 5. h3 Nc6 6. Nf3 Bf5 7. d3 O-O-O
8. Be3 e5 9. Qd2 Be7 10. a3 f6 11. Be2 Rd7 12. Nh4 Be6 13. Bf3 Qd6 14. Be4 g6
15. Bxc6 Qxc6 16. Qc3 Qxc3+ 17. bxc3 f5 18. Nf3 Bf6 19. d4 e4 20. Ng1 Bf7 21.
h4 Rd6 22. Ne2 Rhd8 23. g3 Ra6 24. Bg5 Rd5 25. Bxf6 Rxf6 26. Kd2 Ra5 27. Kc1 h5
28. Re1 Bc4 29. Kb2 Rb6+ 30. Kc1 Rc6 31. Nf4 Bf7 32. Re3 Rca6 33. Kb2 Rb5+ 34.
Kc1 Ra4 35. Ne2 Kd7 36. Nf4 Kd6 37. Re1 a5 38. Re2 Rb6 39. Re1 Ra6 40. Kd2 b5
41. Reb1 Rb6 42. Ke3 Rc4 43. Kd2 c5 44. d5 Ke5 45. a4 b4 46. cxb4 cxb4 47. Rb3
Bxd5 48. Nxd5 Kxd5 49. Rab1 Rbc6 50. Rc1 Rc3 51. Kd1 Kd4 52. Rcb1 Rxc2 53. R1b2
Rxb2 54. Rxb2 Rc3 55. Ke1 b3 56. Rd2+ Rd3 57. Rb2 Kc3 58. Rb1 Kc2 59. Ra1 b2
60. Ra2 Rd1+ 61. Ke2 Ra1 0-1

[Event "Ïåðâåíñòâî Ìîñêâû ïî øàõìàòàì"]
[Site "Ìîñêâà, ÌÃÈÌÎ ïð. Âåðíàäñêîãî,"]
[Date "2018.11.19"]
[Round "2.4"]
[White "Akhmedov, David"]
[Black "Pereverzev, Timofey"]
[Result "1-0"]
[WhiteElo "1561"]
[BlackElo "1338"]
[PlyCount "71"]
[EventDate "2018.11.18"]

1. e4 e6 2. d3 d5 3. Nd2 Nf6 4. Ngf3 Nc6 5. g3 dxe4 6. dxe4 Bc5 7. Bg2 e5 8. h3
O-O 9. O-O b6 10. c3 a5 11. b3 Qd3 12. Bb2 Ba6 13. a3 Qd6 14. Re1 Rad8 15. b4
axb4 16. axb4 Nxb4 17. cxb4 Bxb4 18. Bxe5 Qd3 19. Bxf6 gxf6 20. Bf1 Qd7 21.
Rxa6 Bxd2 22. Nxd2 Qxd2 23. Qxd2 Rxd2 24. Rc1 Rc8 25. Rxb6 c5 26. Rxf6 Rd4 27.
f3 c4 28. Ra6 c3 29. Ra2 Rd7 30. Ba6 Rc5 31. Rac2 Rdc7 32. Kf2 R7c6 33. Bb7 Rb6
34. Bd5 Rb2 35. Ke3 Kg7 36. Rxc3 1-0

[Event "Ïåðâåíñòâî Ìîñêâû ïî øàõìàòàì"]
[Site "Ìîñêâà, ÌÃÈÌÎ ïð. Âåðíàäñêîãî,"]
[Date "2018.11.19"]
[Round "2.5"]
[White "Lyadov , Kirill"]
[Black "Tunik, Denis"]
[Result "0-1"]
[WhiteElo "1226"]
[BlackElo "1673"]
[PlyCount "70"]
[EventDate "2018.11.18"]

1. e4 c5 2. Nf3 d6 3. d4 cxd4 4. Nxd4 Nf6 5. Nc3 a6 6. Bg5 e6 7. f4 Be7 8. Qd2
Nbd7 9. O-O-O Qc7 10. Kb1 O-O 11. f5 Nc5 12. Re1 Rd8 13. a3 d5 14. exd5 exd5
15. Qe3 Kf8 16. Bxf6 Bxf6 17. Nxd5 Qd6 18. Nxf6 Qxf6 19. Nf3 b6 20. g4 Bb7 21.
Be2 Re8 22. Qf2 Rac8 23. Bd1 Ne4 24. Qg1 Qc6 25. h3 Red8 26. Rh2 Qb5 27. Ka1
Bd5 28. Be2 Qa5 29. Bd3 Rc3 30. Bxe4 Rxa3+ 31. bxa3 Qxa3+ 32. Kb1 Ba2+ 33. Ka1
Bb3+ 34. Kb1 Qa2+ 35. Kc1 Qa1# 0-1

[Event "Ïåðâåíñòâî Ìîñêâû ïî øàõìàòàì"]
[Site "Ìîñêâà, ÌÃÈÌÎ ïð. Âåðíàäñêîãî,"]
[Date "2018.11.19"]
[Round "2.6"]
[White "Yonal , Timur"]
[Black "Silenko, Alexey"]
[Result "0-1"]
[WhiteElo "1524"]
[BlackElo "1347"]
[PlyCount "92"]
[EventDate "2018.11.18"]

1. e4 e6 2. d3 d5 3. Nd2 c5 4. Ngf3 Nc6 5. g3 Nf6 6. Bg2 dxe4 7. dxe4 e5 8. O-O
Be7 9. Re1 O-O 10. c3 b6 11. Qc2 Ba6 12. Bf1 Bxf1 13. Nxf1 Qc7 14. Ne3 Rfd8 15.
Bd2 Bf8 16. Rad1 Rd7 17. Bc1 Rad8 18. Re2 Rxd1+ 19. Nxd1 Na5 20. Ne3 b5 21. b3
Nb7 22. Kg2 c4 23. bxc4 bxc4 24. Nd2 Na5 25. Qa4 Rc8 26. Re1 Qb6 27. Ba3 Bxa3
28. Qxa3 Rd8 29. Ndxc4 Nxc4 30. Nxc4 Qc7 31. Qa5 Qxa5 32. Nxa5 Rc8 33. Re3 Rc5
34. Nb3 Rc4 35. f3 a5 36. Kf2 Kf8 37. Rd3 Ke7 38. Ke3 a4 39. Nd2 Rc5 40. c4 h5
41. Ra3 Ra5 42. Nb1 Nd7 43. Nc3 Nb6 44. Nd5+ Rxd5 45. cxd5 Nc4+ 46. Kd3 Nxa3
0-1